Theodor W. Adorno : An Introduction /
A translation of a succinct introduction to the challenging and far-reaching thought of Theodor W. Adorno (1903-1969), one of the twentieth century s most important thinkers.
| Autor principal: | |
|---|---|
| Otros Autores: | |
| Formato: | Electrónico eBook |
| Idioma: | Inglés Alemán |
| Publicado: |
Durham [NC] :
Duke University Press,
2009.
|
| Colección: | Book collections on Project MUSE.
|
| Temas: | |
| Acceso en línea: | Texto completo |
MARC
| LEADER | 00000cam a22000004a 4500 | ||
|---|---|---|---|
| 001 | musev2_69073 | ||
| 003 | MdBmJHUP | ||
| 005 | 20230905051135.0 | ||
| 006 | m o d | ||
| 007 | cr||||||||nn|n | ||
| 008 | 090327s2009 ncu o 00 0 eng d | ||
| 020 | |a 9780822390725 | ||
| 020 | |z 9780822344711 | ||
| 020 | |z 9780822344544 | ||
| 035 | |a (OCoLC)1139390376 | ||
| 040 | |a MdBmJHUP |c MdBmJHUP | ||
| 041 | 1 | |a eng |h ger | |
| 100 | 1 | |a Schweppenhäuser, Gerhard. | |
| 240 | 1 | 0 | |a Theodor W. Adorno zur Einführung. |l English |
| 245 | 1 | 0 | |a Theodor W. Adorno : |b An Introduction / |c Gerhard Schweppenhäuser ; translated by James Rolleston. |
| 264 | 1 | |a Durham [NC] : |b Duke University Press, |c 2009. | |
| 264 | 3 | |a Baltimore, Md. : |b Project MUSE, |c 2020 | |
| 264 | 4 | |c ©2009. | |
| 300 | |a 1 online resource (198 pages): |b illustrations | ||
| 336 | |a text |b txt |2 rdacontent | ||
| 337 | |a computer |b c |2 rdamedia | ||
| 338 | |a online resource |b cr |2 rdacarrier | ||
| 490 | 0 | |a Post-contemporary interventions | |
| 505 | 0 | |a Preface to the English edition -- Translator's preface -- The project of renewing childhood by transforming one's life -- Critical theory -- Reason's self-criticism -- Defined negation -- The two faces of enlightenment -- Rescuing what is beyond hope -- Philosophy from the perspective of redemption -- Primacy of the object -- The totally socialized society -- The concept of society -- Liquidation of the individual -- Critical theory on morality -- The goal of the emancipated society -- The powerless utopia of beauty -- The destruction and salvation of art -- The silence of music -- The transition from art to knowledge -- Theorizing art and culture in the institute for social research -- Benjamin and kracauer: theorizing mass art -- Anarchistic and bourgeois romanticism: Adorno's critique of Benjamin -- The work of art and the concept of truth -- The failure of culture -- The radically pathetic and guilty culture -- Enlightenment as mass deception -- Biographical timeline. | |
| 520 | |a A translation of a succinct introduction to the challenging and far-reaching thought of Theodor W. Adorno (1903-1969), one of the twentieth century s most important thinkers. | ||
| 546 | |a English. | ||
| 588 | |a Description based on print version record. | ||
| 600 | 1 | 7 | |a Adorno, Theodor W., |d 1903-1969. |2 fast |0 (OCoLC)fst00048481 |
| 600 | 1 | 0 | |a Adorno, Theodor W., |d 1903-1969. |
| 650 | 7 | |a PHILOSOPHY |x General. |2 bisacsh | |
| 650 | 7 | |a PHILOSOPHY |x History & Surveys |x Modern. |2 bisacsh | |
| 655 | 7 | |a Electronic books. |2 local | |
| 700 | 1 | |a Rolleston, James, |d 1939- | |
| 710 | 2 | |a Project Muse. |e distributor | |
| 830 | 0 | |a Book collections on Project MUSE. | |
| 856 | 4 | 0 | |z Texto completo |u https://projectmuse.uam.elogim.com/book/69073/ |
| 945 | |a Project MUSE - Custom Collection | ||


